000 00715nam a2200229Ia 4500
003 OSt
005 20220926040018.0
006 a|||||r|||| 00| 0
007 ta
008 220923b |||||||| |||| 00| 0 eng d
037 _cGeneral Book
040 _aRTL
_cRTL
_beng
041 _2eng
_aeng
082 _aX62t2o1:N29, G0.3
110 _aBanking enquiry committee for the centrally administered areas 1929-30
_9343064
245 0 _aEvidence taken in the province of Ajmer-Merwara
260 _c1930
650 _aBanking
700 _aBanking enquiry committee for the centrally administered areas 1929-30
_9343065
942 _hX62t2o1:N29, G0.3
_cGB
_2CC
999 _c663674
_d663674